[Event "Team Championship (men blitz)"]
[Site "Sochi"]
[Date "2017.10.05"]
[Round "12.9"]
[White "Moskalenko, Alexander"]
[Black "Dubov, Daniil"]
[Result "1/2-1/2"]
[LiveChessVersion "1.4.8"]
[BlackElo "2775"]
[WhiteElo "2580"]

1. e4 {[%clk 0:03:04]} c5 {[%clk 0:03:01]} 2. Nf3 {[%clk 0:03:04]} Nc6
{[%clk 0:03:02]} 3. d4 {[%clk 0:03:04]} cxd4 {[%clk 0:03:03]} 4. Nxd4
{[%clk 0:03:06]} Nf6 {[%clk 0:03:03]} 5. Nc3 {[%clk 0:03:06]} e5 {[%clk 0:03:04]}
6. Ndb5 {[%clk 0:02:57]} d6 {[%clk 0:03:05]} 7. Bg5 {[%clk 0:02:56]} a6
{[%clk 0:03:06]} 8. Na3 {[%clk 0:02:57]} b5 {[%clk 0:03:07]} 9. Nd5
{[%clk 0:02:54]} Be7 {[%clk 0:03:08]} 10. Bxf6 {[%clk 0:02:54]} Bxf6
{[%clk 0:03:09]} 11. c4 {[%clk 0:02:52]} b4 {[%clk 0:03:10]} 12. Nc2
{[%clk 0:02:53]} O-O {[%clk 0:03:10]} 13. g3 {[%clk 0:02:36]} Bg5
{[%clk 0:03:11]} 14. h4 {[%clk 0:02:36]} Bh6 {[%clk 0:03:11]} 15. Bg2
{[%clk 0:02:19]} a5 {[%clk 0:03:10]} 16. O-O {[%clk 0:02:19]} Be6
{[%clk 0:03:09]} 17. Qd3 {[%clk 0:02:18]} Nb8 {[%clk 0:02:56]} 18. Nde3
{[%clk 0:01:54]} Bxe3 {[%clk 0:02:19]} 19. Nxe3 {[%clk 0:01:53]} Na6
{[%clk 0:02:07]} 20. Rad1 {[%clk 0:01:47]} Nc5 {[%clk 0:02:06]} 21. Qxd6
{[%clk 0:01:44]} Qxd6 {[%clk 0:02:06]} 22. Rxd6 {[%clk 0:01:45]} Rfb8
{[%clk 0:02:00]} 23. f4 {[%clk 0:01:33]} f6 {[%clk 0:01:26]} 24. fxe5
{[%clk 0:01:26]} fxe5 {[%clk 0:01:27]} 25. Nd5 {[%clk 0:01:27]} Ra6
{[%clk 0:00:52]} 26. Ne7+ {[%clk 0:00:57]} Kh8 {[%clk 0:00:53]} 27. Rc6
{[%clk 0:00:58]} Rxc6 {[%clk 0:00:45]} 28. Nxc6 {[%clk 0:00:59]} Rc8
{[%clk 0:00:44]} 29. Nxe5 {[%clk 0:00:58]} Kg8 {[%clk 0:00:37]} 30. b3
{[%clk 0:00:40]} g6 {[%clk 0:00:23]} 31. Rd1 {[%clk 0:00:37]} a4 {[%clk 0:00:11]}
32. Rd6 {[%clk 0:00:32]} axb3 {[%clk 0:00:10]} 33. axb3 {[%clk 0:00:34]} Bf7
{[%clk 0:00:07]} 34. Rb6 {[%clk 0:00:11]} Nxb3 {[%clk 0:00:08]} 35. Rxb4
{[%clk 0:00:12]} Nc5 {[%clk 0:00:09]} 36. Rb5 {[%clk 0:00:05]} Be6
{[%clk 0:00:09]} 37. Kf2 {[%clk 0:00:04]} Kg7 {[%clk 0:00:10]} 38. Ke3
{[%clk 0:00:05]} Kf6 {[%clk 0:00:09]} 39. Nf3 Bxc4 {[%clk 0:00:08]} 40. Rb6+
{[%clk 0:00:06]} Ke7 {[%clk 0:00:07]} 41. Bh3 {[%clk 0:00:06]} Be6
{[%clk 0:00:05]} 42. Bxe6 {[%clk 0:00:05]} Nxe6 {[%clk 0:00:06]} 43. Rb7+
{[%clk 0:00:06]} Kd6 {[%clk 0:00:05]} 44. e5+ {[%clk 0:00:07]} Kd5
{[%clk 0:00:03]} 45. Rd7+ {[%clk 0:00:08]} Kc5 {[%clk 0:00:04]} 46. Rxh7
{[%clk 0:00:09]} Ra8 {[%clk 0:00:04]} 47. Re7 {[%clk 0:00:08]} Ra3+
{[%clk 0:00:05]} 48. Kf2 {[%clk 0:00:10]} Kd5 {[%clk 0:00:07]} 49. Rd7+
{[%clk 0:00:11]} Ke4 {[%clk 0:00:07]} 50. Nd2+ {[%clk 0:00:11]} Kf5
{[%clk 0:00:07]} 51. Nc4 {[%clk 0:00:12]} Rc3 {[%clk 0:00:06]} 52. Ne3+
{[%clk 0:00:11]} Kxe5 {[%clk 0:00:05]} 53. Ng4+ {[%clk 0:00:10]} Kf5
{[%clk 0:00:05]} 54. Nh6+ {[%clk 0:00:11]} Ke4 {[%clk 0:00:06]} 55. Re7
{[%clk 0:00:11]} Rc2+ {[%clk 0:00:07]} 56. Kg1 {[%clk 0:00:12]} Kd5
{[%clk 0:00:08]} 57. Ng4 {[%clk 0:00:12]} Ra2 {[%clk 0:00:08]} 58. Ne3+
{[%clk 0:00:12]} Kd6 {[%clk 0:00:09]} 59. Re8 {[%clk 0:00:13]} Nd4
{[%clk 0:00:09]} 60. Kf1 {[%clk 0:00:09]} Nf3 {[%clk 0:00:08]} 61. Rg8
{[%clk 0:00:07]} Ke5 {[%clk 0:00:06]} 62. Rxg6 {[%clk 0:00:06]} Nh2+
{[%clk 0:00:07]} 63. Ke1 {[%clk 0:00:07]} Nf3+ {[%clk 0:00:07]} 64. Kd1
{[%clk 0:00:08]} Ke4 {[%clk 0:00:09]} 65. Re6+ {[%clk 0:00:08]} Kd3
{[%clk 0:00:10]} 66. Kc1 {[%clk 0:00:09]} Nd4 {[%clk 0:00:11]} 67. Re8
{[%clk 0:00:08]} Ne2+ {[%clk 0:00:11]} 68. Kb1 {[%clk 0:00:07]} Nc3+
{[%clk 0:00:12]} 69. Kc1 {[%clk 0:00:09]} Re2 {[%clk 0:00:06]} 70. h5
{[%clk 0:00:08]} Na2+ {[%clk 0:00:07]} 71. Kb1 {[%clk 0:00:08]} Nc3+
{[%clk 0:00:08]} 72. Kc1 {[%clk 0:00:10]} Na2+ {[%clk 0:00:06]} 73. Kb1
{[%clk 0:00:11]} Nc3+ {[%clk 0:00:07]} 74. Kc1 {[%clk 0:00:12]} Ne4
{[%clk 0:00:07]} 75. Nf5 {[%clk 0:00:10]} Rc2+ {[%clk 0:00:05]} 76. Kd1
{[%clk 0:00:07]} Rd2+ {[%clk 0:00:05]} 77. Kc1 {[%clk 0:00:07]} Rc2+
{[%clk 0:00:05]} 78. Kd1 {[%clk 0:00:08]} Rd2+ {[%clk 0:00:05]} 79. Kc1
{[%clk 0:00:07]} Rc2+ {[%clk 0:00:05]} 80. Kd1 {[%clk 0:00:08]} Rd2+
{[%clk 0:00:05]} 1/2-1/2

[Event "Team Championship (men blitz)"]
[Site "Sochi"]
[Date "2017.10.05"]
[Round "12.10"]
[White "Morozevich, Alexander"]
[Black "Oganian, Miran"]
[Result "1-0"]
[LiveChessVersion "1.4.8"]
[BlackElo "2496"]
[WhiteElo "2642"]

1. e4 {[%clk 0:03:03]} c5 {[%clk 0:03:04]} 2. Nf3 {[%clk 0:03:04]} d6
{[%clk 0:03:05]} 3. d4 {[%clk 0:03:04]} cxd4 {[%clk 0:03:06]} 4. Nxd4
{[%clk 0:03:05]} Nf6 {[%clk 0:03:07]} 5. Nc3 {[%clk 0:03:06]} a6 {[%clk 0:03:08]}
6. Be3 {[%clk 0:03:07]} e5 {[%clk 0:03:10]} 7. Nb3 {[%clk 0:03:08]} Be7
{[%clk 0:03:10]} 8. Qd2 {[%clk 0:03:09]} Be6 {[%clk 0:03:08]} 9. O-O-O
{[%clk 0:03:08]} Nbd7 {[%clk 0:03:06]} 10. f4 {[%clk 0:03:09]} exf4
{[%clk 0:02:41]} 11. Bxf4 {[%clk 0:03:10]} Ne5 {[%clk 0:02:42]} 12. Nd4
{[%clk 0:03:11]} O-O {[%clk 0:02:38]} 13. Kb1 {[%clk 0:03:11]} Rc8
{[%clk 0:02:36]} 14. h3 {[%clk 0:02:41]} Re8 {[%clk 0:02:25]} 15. g4
{[%clk 0:02:36]} Qa5 {[%clk 0:02:17]} 16. Nxe6 {[%clk 0:02:16]} fxe6
{[%clk 0:02:16]} 17. g5 {[%clk 0:02:15]} Nh5 {[%clk 0:01:49]} 18. Bxe5
{[%clk 0:01:56]} Qxe5 {[%clk 0:01:49]} 19. h4 {[%clk 0:01:57]} b5
{[%clk 0:01:32]} 20. Bh3 {[%clk 0:01:44]} Nf4 {[%clk 0:01:32]} 21. Bg4
{[%clk 0:01:45]} Rc4 {[%clk 0:01:20]} 22. Rhf1 {[%clk 0:01:45]} Rf8
{[%clk 0:01:21]} 23. Rxf4 {[%clk 0:01:41]} Rxf4 {[%clk 0:00:50]} 24. Bxe6+
{[%clk 0:01:41]} Qxe6 {[%clk 0:00:50]} 25. Qxf4 {[%clk 0:01:42]} b4
{[%clk 0:00:52]} 26. Nd5 {[%clk 0:01:35]} Rxe4 27. Qd2 {[%clk 0:01:11]} Bf8
{[%clk 0:00:36]} 28. h5 {[%clk 0:01:02]} a5 {[%clk 0:00:37]} 29. b3
{[%clk 0:00:58]} Re2 {[%clk 0:00:32]} 30. Qd3 {[%clk 0:00:58]} Qe4
{[%clk 0:00:26]} 31. Qxe4 {[%clk 0:00:41]} Rxe4 {[%clk 0:00:27]} 32. Nb6
{[%clk 0:00:42]} Rh4 {[%clk 0:00:16]} 33. Rd5 {[%clk 0:00:25]} Rxh5
{[%clk 0:00:18]} 34. Rxa5 g6 35. Kc1 {[%clk 0:00:22]} Rxg5 {[%clk 0:00:17]} 36.
Ra8 {[%clk 0:00:21]} Kf7 {[%clk 0:00:17]} 37. Ra7+ {[%clk 0:00:22]} Kg8
{[%clk 0:00:11]} 38. Ra8 {[%clk 0:00:21]} Kg7 {[%clk 0:00:04]} 39. Ra7+
{[%clk 0:00:22]} Kh6 {[%clk 0:00:05]} 40. Kd2 {[%clk 0:00:20]} Rg2+ 41. Kd3 g5
{[%clk 0:00:04]} 42. Nd5 {[%clk 0:00:21]} Bg7 {[%clk 0:00:04]} 43. Ne3
{[%clk 0:00:22]} Rg3 {[%clk 0:00:03]} 44. Ke4 {[%clk 0:00:23]} Kg6
{[%clk 0:00:04]} 45. Rxg7+ {[%clk 0:00:24]} Kxg7 {[%clk 0:00:05]} 46. Nf5+
{[%clk 0:00:26]} Kg6 {[%clk 0:00:08]} 47. Nxg3 h5 48. Kf3 {[%clk 0:00:22]} d5
{[%clk 0:00:08]} 49. Ne2 {[%clk 0:00:20]} Kf5 {[%clk 0:00:08]} 50. c3
{[%clk 0:00:21]} bxc3 {[%clk 0:00:08]} 51. Nxc3 {[%clk 0:00:23]} g4+
{[%clk 0:00:07]} 52. Ke3 {[%clk 0:00:23]} Ke5 {[%clk 0:00:08]} 53. Ne2
{[%clk 0:00:24]} h4 {[%clk 0:00:09]} 54. a4 {[%clk 0:00:26]} g3 {[%clk 0:00:05]}
55. a5 {[%clk 0:00:25]} Kd6 {[%clk 0:00:04]} 56. b4 {[%clk 0:00:26]} Kc6
{[%clk 0:00:05]} 57. Nd4+ {[%clk 0:00:27]} Kb7 {[%clk 0:00:07]} 58. Kf3
{[%clk 0:00:27]} Kc7 {[%clk 0:00:07]} 59. b5 {[%clk 0:00:28]} Kb7
{[%clk 0:00:07]} 60. Kg2 {[%clk 0:00:27]} Kc7 {[%clk 0:00:07]} 61. Nf3
{[%clk 0:00:29]} Kd6 {[%clk 0:00:06]} 62. Nxh4 {[%clk 0:00:27]} Kc5
{[%clk 0:00:07]} 63. a6 {[%clk 0:00:28]} Kb6 {[%clk 0:00:08]} 64. Kxg3
{[%clk 0:00:29]} 1-0

[Event "Team Championship (men blitz)"]
[Site "Sochi"]
[Date "2017.10.05"]
[Round "12.11"]
[White "Vastrukhin, Oleg"]
[Black "Savchenko, Boris"]
[Result "0-1"]
[LiveChessVersion "1.4.8"]
[BlackElo "2630"]
[WhiteElo "2424"]

1. Nf3 {[%clk 0:03:03]} g6 {[%clk 0:03:02]} 2. d4 {[%clk 0:03:04]} Nf6
{[%clk 0:03:01]} 3. Nc3 {[%clk 0:03:04]} d5 {[%clk 0:03:02]} 4. Bf4
{[%clk 0:03:05]} Bg7 {[%clk 0:03:01]} 5. e3 {[%clk 0:03:06]} Nh5 {[%clk 0:03:00]}
6. Bg3 {[%clk 0:03:01]} O-O {[%clk 0:02:51]} 7. Bd3 {[%clk 0:03:01]} Nxg3
{[%clk 0:02:51]} 8. hxg3 {[%clk 0:03:02]} c5 {[%clk 0:02:52]} 9. dxc5
{[%clk 0:02:53]} Qa5 {[%clk 0:02:39]} 10. O-O {[%clk 0:02:26]} Qxc5
{[%clk 0:02:38]} 11. Na4 {[%clk 0:02:22]} Qc6 {[%clk 0:02:35]} 12. Nc3
{[%clk 0:02:04]} Bxc3 {[%clk 0:02:35]} 13. bxc3 {[%clk 0:02:05]} Qxc3
{[%clk 0:02:36]} 14. Rb1 {[%clk 0:02:07]} Qc7 {[%clk 0:02:37]} 15. Qe2
{[%clk 0:01:58]} Nc6 {[%clk 0:02:37]} 16. c4 {[%clk 0:01:58]} Rd8
{[%clk 0:02:36]} 17. cxd5 {[%clk 0:01:58]} Rxd5 {[%clk 0:02:37]} 18. Rfc1
{[%clk 0:01:58]} Be6 {[%clk 0:02:00]} 19. Be4 {[%clk 0:01:55]} Ra5
{[%clk 0:02:01]} 20. Rb2 {[%clk 0:01:26]} Rd8 {[%clk 0:01:55]} 21. Bxc6
{[%clk 0:01:08]} bxc6 {[%clk 0:01:56]} 22. Nd4 {[%clk 0:01:09]} Bd7
{[%clk 0:01:21]} 23. Qc4 {[%clk 0:01:10]} Be8 {[%clk 0:01:14]} 24. Nxc6
{[%clk 0:01:02]} Qxc6 {[%clk 0:01:10]} 25. Qxc6 {[%clk 0:01:03]} Bxc6
{[%clk 0:01:11]} 26. Rxc6 {[%clk 0:01:04]} Rd1+ {[%clk 0:01:12]} 0-1

[Event "Team Championship (men blitz)"]
[Site "Sochi"]
[Date "2017.10.05"]
[Round "12.12"]
[White "Bocharov, Dmitry"]
[Black "Gochelashvili, David"]
[Result "1-0"]
[LiveChessVersion "1.4.8"]
[BlackElo "2440"]
[WhiteElo "2653"]

1. c4 {[%clk 0:03:02]} g6 {[%clk 0:03:03]} 2. d4 {[%clk 0:03:02]} Bg7
{[%clk 0:03:05]} 3. e4 {[%clk 0:03:03]} c5 {[%clk 0:03:06]} 4. d5
{[%clk 0:03:03]} d6 {[%clk 0:03:06]} 5. Nc3 {[%clk 0:03:03]} e6 {[%clk 0:03:07]}
6. Be2 {[%clk 0:02:57]} Ne7 {[%clk 0:03:07]} 7. h4 {[%clk 0:02:57]} h6
{[%clk 0:02:51]} 8. Bf4 {[%clk 0:02:57]} e5 {[%clk 0:02:45]} 9. Be3
{[%clk 0:02:56]} f5 {[%clk 0:02:46]} 10. h5 {[%clk 0:02:57]} Nd7 {[%clk 0:02:24]}
11. hxg6 {[%clk 0:02:55]} Nf6 {[%clk 0:02:25]} 12. Nf3 {[%clk 0:02:49]} Nxg6
{[%clk 0:02:04]} 13. Qc2 {[%clk 0:02:46]} f4 {[%clk 0:01:56]} 14. Bd2
{[%clk 0:02:46]} Qe7 {[%clk 0:01:49]} 15. b4 {[%clk 0:02:46]} cxb4
{[%clk 0:01:30]} 16. Qa4+ {[%clk 0:02:43]} Bd7 {[%clk 0:01:11]} 17. Qxb4
{[%clk 0:02:37]} O-O {[%clk 0:01:06]} 18. Bd3 {[%clk 0:02:38]} b6
{[%clk 0:01:05]} 19. a4 {[%clk 0:02:33]} a5 {[%clk 0:00:57]} 20. Qb3
{[%clk 0:02:33]} Rfc8 {[%clk 0:00:52]} 21. Rb1 {[%clk 0:02:06]} Rab8
{[%clk 0:00:48]} 22. Qa3 {[%clk 0:02:03]} Bf8 {[%clk 0:00:43]} 23. Rb3
{[%clk 0:01:55]} Be8 {[%clk 0:00:31]} 24. Nb5 {[%clk 0:01:54]} Rb7
{[%clk 0:00:24]} 25. g3 {[%clk 0:01:30]} Nd7 {[%clk 0:00:23]} 26. Rb1
{[%clk 0:01:27]} Nc5 {[%clk 0:00:24]} 27. Bc2 {[%clk 0:01:26]} Qf6
{[%clk 0:00:17]} 28. Ke2 {[%clk 0:01:10]} Bd7 {[%clk 0:00:16]} 29. Rbg1
{[%clk 0:01:05]} Bg4 {[%clk 0:00:16]} 30. gxf4 {[%clk 0:01:00]} Nxf4+
{[%clk 0:00:11]} 31. Bxf4 {[%clk 0:00:59]} Qxf4 {[%clk 0:00:11]} 32. Rxg4+
{[%clk 0:00:56]} Qxg4 {[%clk 0:00:12]} 33. Rg1 {[%clk 0:00:57]} Rg7
{[%clk 0:00:12]} 34. Rxg4 {[%clk 0:00:58]} Rxg4 {[%clk 0:00:13]} 35. Qe3
{[%clk 0:00:54]} h5 {[%clk 0:00:12]} 36. Nh2 {[%clk 0:00:54]} Rf4
{[%clk 0:00:12]} 37. Qh3 {[%clk 0:00:51]} Re8 {[%clk 0:00:10]} 38. Nc7
{[%clk 0:00:51]} Re7 {[%clk 0:00:11]} 39. Ne6 {[%clk 0:00:45]} Nxe6
{[%clk 0:00:04]} 40. dxe6 {[%clk 0:00:46]} Rf6 {[%clk 0:00:04]} 41. Nf1
{[%clk 0:00:46]} Rexe6 {[%clk 0:00:04]} 42. c5 {[%clk 0:00:47]} d5
{[%clk 0:00:04]} 43. exd5 {[%clk 0:00:46]} Re8 {[%clk 0:00:05]} 44. c6
{[%clk 0:00:41]} Bc5 {[%clk 0:00:06]} 45. Ne3 {[%clk 0:00:41]} Ref8
{[%clk 0:00:07]} 46. Qg2+ {[%clk 0:00:38]} Kh8 {[%clk 0:00:08]} 47. Be4
{[%clk 0:00:39]} Rf4 {[%clk 0:00:07]} 48. f3 {[%clk 0:00:38]} Rg8
{[%clk 0:00:09]} 49. Qh2 {[%clk 0:00:39]} Bd6 {[%clk 0:00:08]} 50. Qxh5+
{[%clk 0:00:39]} Kg7 {[%clk 0:00:09]} 51. Qg6+ {[%clk 0:00:39]} 1-0

[Event "Team Championship (men blitz)"]
[Site "Sochi"]
[Date "2017.10.05"]
[Round "12.15"]
[White "Kozlov, Oleg"]
[Black "Timofeev, Artyom"]
[Result "0-1"]
[LiveChessVersion "1.4.8"]
[BlackElo "2619"]
[WhiteElo "2286"]

1. c4 {[%clk 0:03:03]} e6 {[%clk 0:03:02]} 2. Nf3 {[%clk 0:03:04]} d5
{[%clk 0:03:03]} 3. g3 {[%clk 0:03:05]} c6 {[%clk 0:02:58]} 4. Bg2
{[%clk 0:03:06]} Nf6 {[%clk 0:02:59]} 5. O-O {[%clk 0:03:05]} Be7
{[%clk 0:03:01]} 6. d4 {[%clk 0:02:47]} O-O {[%clk 0:03:00]} 7. Qc2
{[%clk 0:02:47]} dxc4 {[%clk 0:02:52]} 8. Qxc4 {[%clk 0:02:48]} b5
{[%clk 0:02:53]} 9. Qc2 {[%clk 0:02:46]} Bb7 {[%clk 0:02:54]} 10. Rd1
{[%clk 0:02:45]} Nbd7 {[%clk 0:02:55]} 11. Bg5 {[%clk 0:02:31]} Rc8
{[%clk 0:02:54]} 12. Nc3 {[%clk 0:02:15]} a6 {[%clk 0:02:55]} 13. a4
{[%clk 0:01:29]} b4 {[%clk 0:02:51]} 14. Ne4 {[%clk 0:01:17]} c5 {[%clk 0:02:50]}
15. Nxc5 {[%clk 0:01:11]} Nxc5 {[%clk 0:02:38]} 16. dxc5 {[%clk 0:01:12]} Rxc5
{[%clk 0:02:35]} 17. Qb3 {[%clk 0:00:29]} Qa5 {[%clk 0:02:30]} 18. Bxf6
{[%clk 0:00:26]} Bxf6 {[%clk 0:02:30]} 19. Nd2 {[%clk 0:00:23]} Bd5
{[%clk 0:02:29]} 20. Bxd5 {[%clk 0:00:23]} exd5 {[%clk 0:02:29]} 21. Nf3
{[%clk 0:00:22]} Rfc8 {[%clk 0:02:28]} 22. e3 {[%clk 0:00:22]} h5
{[%clk 0:02:24]} 23. h4 {[%clk 0:00:23]} Rc2 {[%clk 0:02:11]} 24. Rxd5
{[%clk 0:00:20]} Rxb2 {[%clk 0:02:11]} 25. Rxa5 {[%clk 0:00:06]} Rxb3
{[%clk 0:02:11]} 26. Rd1 {[%clk 0:00:08]} Ra3 {[%clk 0:02:08]} 27. Rxa6
{[%clk 0:00:09]} b3 {[%clk 0:02:09]} 28. Rb6 {[%clk 0:00:09]} b2 {[%clk 0:02:10]}
29. Kg2 {[%clk 0:00:10]} Ra1 {[%clk 0:02:11]} 30. Rd7 {[%clk 0:00:07]} b1=Q
{[%clk 0:02:08]} 31. Rxb1 {[%clk 0:00:08]} Rxb1 {[%clk 0:02:09]} 32. Rd5
{[%clk 0:00:07]} g6 {[%clk 0:02:10]} 33. a5 {[%clk 0:00:08]} Ra1 {[%clk 0:02:10]}
34. Ng5 {[%clk 0:00:06]} Bxg5 35. hxg5 Ra8 {[%clk 0:02:11]} 36. f4
{[%clk 0:00:05]} R1xa5 {[%clk 0:02:11]} 37. Rd4 {[%clk 0:00:05]} Ra2+
{[%clk 0:02:11]} 38. Kf3 {[%clk 0:00:07]} Kg7 {[%clk 0:02:12]} 39. Rd1
{[%clk 0:00:00]} 0-1

[Event "Team Championship (men blitz)"]
[Site "Sochi"]
[Date "2017.10.05"]
[Round "12.16"]
[White "Sharafiev, Azat"]
[Black "Ozgibcev, Anatoly"]
[Result "0-1"]
[LiveChessVersion "1.4.8"]
[BlackElo "2354"]
[WhiteElo "2459"]

1. Nf3 {[%clk 0:03:03]} d5 {[%clk 0:03:02]} 2. g3 {[%clk 0:03:04]} c5
{[%clk 0:03:03]} 3. Bg2 {[%clk 0:03:05]} Nc6 {[%clk 0:03:04]} 4. d4
{[%clk 0:03:05]} Nf6 {[%clk 0:03:05]} 5. O-O {[%clk 0:03:05]} e6 {[%clk 0:03:05]}
6. c4 {[%clk 0:03:04]} cxd4 {[%clk 0:03:06]} 7. Nxd4 {[%clk 0:03:02]} Be7
{[%clk 0:03:07]} 8. cxd5 {[%clk 0:03:00]} exd5 {[%clk 0:03:08]} 9. Nc3
{[%clk 0:02:51]} O-O {[%clk 0:03:07]} 10. Bg5 {[%clk 0:02:51]} h6
{[%clk 0:03:08]} 11. Bf4 {[%clk 0:02:47]} Bg4 {[%clk 0:03:08]} 12. h3
{[%clk 0:02:45]} Be6 {[%clk 0:03:09]} 13. Nxe6 {[%clk 0:02:40]} fxe6
{[%clk 0:03:09]} 14. Qb3 {[%clk 0:02:34]} Na5 {[%clk 0:02:51]} 15. Qa4
{[%clk 0:02:34]} Rc8 {[%clk 0:02:28]} 16. Rad1 {[%clk 0:02:24]} Nc4
{[%clk 0:02:01]} 17. Bc1 {[%clk 0:02:01]} Qb6 {[%clk 0:01:33]} 18. Qb5
{[%clk 0:01:46]} Qxb5 {[%clk 0:01:25]} 19. Nxb5 {[%clk 0:01:47]} a6
{[%clk 0:01:26]} 20. Nd4 {[%clk 0:01:45]} Kf7 {[%clk 0:01:27]} 21. b3
{[%clk 0:01:36]} Nd6 {[%clk 0:01:22]} 22. Bb2 {[%clk 0:01:32]} Nb5
{[%clk 0:01:22]} 23. a4 {[%clk 0:01:09]} Nxd4 {[%clk 0:01:19]} 24. Bxd4
{[%clk 0:01:10]} Rc2 {[%clk 0:01:17]} 25. e3 {[%clk 0:01:08]} Rfc8
{[%clk 0:01:12]} 26. g4 {[%clk 0:01:07]} Bc5 {[%clk 0:01:02]} 27. Be5
{[%clk 0:00:58]} Ke7 {[%clk 0:00:55]} 28. Rc1 {[%clk 0:00:52]} Bd6
{[%clk 0:00:52]} 29. Bd4 {[%clk 0:00:47]} Rxc1 {[%clk 0:00:52]} 0-1

[Event "Team Championship (men blitz)"]
[Site "Sochi"]
[Date "2017.10.05"]
[Round "12.17"]
[White "Alekseenko, Kirill"]
[Black "Kurbedinov, Ramis"]
[Result "1/2-1/2"]
[LiveChessVersion "1.4.8"]
[BlackElo "2259"]
[WhiteElo "2586"]

1. e4 {[%clk 0:03:04]} e5 {[%clk 0:03:03]} 2. Nf3 Nc6 3. Bb5 {[%clk 0:03:05]} a6
{[%clk 0:03:06]} 4. Ba4 {[%clk 0:03:07]} Nf6 {[%clk 0:03:07]} 5. O-O
{[%clk 0:03:07]} Be7 {[%clk 0:03:06]} 6. Bxc6 {[%clk 0:03:08]} dxc6
{[%clk 0:03:07]} 7. d3 {[%clk 0:03:09]} Nd7 {[%clk 0:03:05]} 8. b3
{[%clk 0:03:10]} O-O {[%clk 0:03:02]} 9. Bb2 {[%clk 0:03:11]} Bd6
{[%clk 0:02:55]} 10. Nbd2 {[%clk 0:03:12]} Re8 {[%clk 0:02:54]} 11. Nc4
{[%clk 0:03:13]} f6 {[%clk 0:02:46]} 12. Nh4 {[%clk 0:03:10]} Nf8
{[%clk 0:02:45]} 13. Ne3 {[%clk 0:03:04]} g6 {[%clk 0:02:38]} 14. Nf3
{[%clk 0:02:59]} Ne6 {[%clk 0:02:22]} 15. Qd2 {[%clk 0:02:58]} c5
{[%clk 0:02:07]} 16. Rae1 {[%clk 0:02:32]} Nd4 {[%clk 0:02:06]} 17. Qd1
{[%clk 0:02:28]} Be6 {[%clk 0:01:49]} 18. Nd2 {[%clk 0:02:29]} b5
{[%clk 0:01:41]} 19. Nd5 {[%clk 0:02:21]} c6 {[%clk 0:01:38]} 20. Ne3
{[%clk 0:02:22]} b4 {[%clk 0:01:31]} 21. a4 {[%clk 0:02:02]} Qd7 {[%clk 0:01:29]}
22. h3 {[%clk 0:01:57]} Bc7 {[%clk 0:01:26]} 23. Ng4 {[%clk 0:01:56]} Kg7
{[%clk 0:01:21]} 24. Nc4 {[%clk 0:01:51]} h5 {[%clk 0:01:17]} 25. Nh2
{[%clk 0:01:51]} Bxc4 {[%clk 0:01:15]} 26. bxc4 {[%clk 0:01:52]} Rh8
{[%clk 0:00:52]} 27. Nf3 {[%clk 0:01:49]} g5 {[%clk 0:00:48]} 28. Nd2
{[%clk 0:01:38]} Rag8 {[%clk 0:00:41]} 29. Nb3 {[%clk 0:01:39]} Bd6
{[%clk 0:00:39]} 30. Re3 {[%clk 0:01:36]} Kf7 {[%clk 0:00:28]} 31. Kh1
{[%clk 0:01:13]} Ke7 {[%clk 0:00:28]} 32. Bxd4 {[%clk 0:00:58]} cxd4
{[%clk 0:00:27]} 33. Rf3 {[%clk 0:00:58]} c5 {[%clk 0:00:26]} 34. Rf5
{[%clk 0:00:59]} Rg6 {[%clk 0:00:22]} 35. Kh2 {[%clk 0:00:52]} Kd8
{[%clk 0:00:22]} 36. Rh1 {[%clk 0:00:53]} Kc7 {[%clk 0:00:22]} 37. a5
{[%clk 0:00:51]} Kb7 {[%clk 0:00:16]} 38. Kg1 {[%clk 0:00:51]} Be7
{[%clk 0:00:12]} 39. Kf1 {[%clk 0:00:52]} Bd6 {[%clk 0:00:12]} 40. Ke2
{[%clk 0:00:53]} Be7 {[%clk 0:00:12]} 41. g3 {[%clk 0:00:48]} Bd6
{[%clk 0:00:13]} 42. h4 {[%clk 0:00:49]} g4 {[%clk 0:00:11]} 43. Kd2
{[%clk 0:00:44]} Qa4 {[%clk 0:00:09]} 44. Rf1 {[%clk 0:00:43]} Qa2
{[%clk 0:00:06]} 45. Qa1 {[%clk 0:00:36]} Qxa1 {[%clk 0:00:06]} 46. Rxa1
{[%clk 0:00:37]} Kc6 {[%clk 0:00:04]} 47. Rf1 {[%clk 0:00:36]} Rh7
{[%clk 0:00:05]} 48. f3 {[%clk 0:00:36]} gxf3 {[%clk 0:00:06]} 49. R1xf3
{[%clk 0:00:37]} Be7 {[%clk 0:00:07]} 50. Ke2 {[%clk 0:00:37]} Rhg7
{[%clk 0:00:07]} 51. Kf2 {[%clk 0:00:38]} Rh7 {[%clk 0:00:08]} 52. Kg2
{[%clk 0:00:38]} Bd8 {[%clk 0:00:09]} 53. Kh3 {[%clk 0:00:38]} Be7
{[%clk 0:00:10]} 54. Rf1 {[%clk 0:00:39]} Bd8 {[%clk 0:00:11]} 55. Rg1
{[%clk 0:00:41]} Be7 {[%clk 0:00:10]} 56. g4 {[%clk 0:00:42]} hxg4+
{[%clk 0:00:10]} 57. Rxg4 {[%clk 0:00:43]} Rgh6 {[%clk 0:00:12]} 58. Kg3
{[%clk 0:00:32]} Kd7 {[%clk 0:00:13]} 59. Nd2 {[%clk 0:00:26]} Ke6
{[%clk 0:00:14]} 60. Nf3 {[%clk 0:00:26]} Bd8 {[%clk 0:00:15]} 61. Rg8
{[%clk 0:00:26]} Bxa5 {[%clk 0:00:12]} 62. Ra8 {[%clk 0:00:27]} Bc7
{[%clk 0:00:10]} 63. Rxa6+ {[%clk 0:00:28]} Ke7 {[%clk 0:00:10]} 64. Ra7
{[%clk 0:00:20]} Kd7 {[%clk 0:00:11]} 65. Ra8 {[%clk 0:00:21]} Rg6+
{[%clk 0:00:12]} 66. Kh3 {[%clk 0:00:19]} Rhg7 {[%clk 0:00:13]} 67. h5
{[%clk 0:00:07]} Rg3+ {[%clk 0:00:13]} 68. Kh2 {[%clk 0:00:08]} Rg2+
{[%clk 0:00:15]} 69. Kh1 {[%clk 0:00:08]} Rxc2 {[%clk 0:00:14]} 70. Ra1
{[%clk 0:00:06]} Rg3 {[%clk 0:00:14]} 71. h6 {[%clk 0:00:05]} Rh3+ 72. Kg1 Rxh6
{[%clk 0:00:14]} 73. Rb1 {[%clk 0:00:05]} Rg6+ {[%clk 0:00:13]} 74. Kf1
{[%clk 0:00:07]} Rgg2 {[%clk 0:00:14]} 75. Ne1 {[%clk 0:00:07]} Rb2
{[%clk 0:00:14]} 76. Ra1 {[%clk 0:00:05]} Rgd2 {[%clk 0:00:13]} 77. Rxf6
{[%clk 0:00:07]} b3 {[%clk 0:00:14]} 78. Ra7 {[%clk 0:00:08]} Ra2
{[%clk 0:00:14]} 79. Rf7+ {[%clk 0:00:09]} Kd6 {[%clk 0:00:14]} 80. Raxc7
{[%clk 0:00:10]} b2 {[%clk 0:00:15]} 81. Rfd7+ {[%clk 0:00:10]} Ke6 82. Re7+ Kd6
{[%clk 0:00:18]} 83. Red7+ {[%clk 0:00:12]} Ke6 84. Re7+ Kf6 1/2-1/2

[Event "Team Championship (men blitz)"]
[Site "Sochi"]
[Date "2017.10.05"]
[Round "12.18"]
[White "Iljin, Timofey"]
[Black "Alekseev, Evgeny"]
[Result "1/2-1/2"]
[LiveChessVersion "1.4.8"]
[BlackElo "2636"]
[WhiteElo "2373"]

1. d4 {[%clk 0:03:03]} Nf6 {[%clk 0:03:03]} 2. c4 {[%clk 0:03:04]} e6
{[%clk 0:03:04]} 3. Nc3 {[%clk 0:03:06]} Bb4 4. e3 O-O {[%clk 0:03:05]} 5. a3
{[%clk 0:03:08]} Bxc3+ {[%clk 0:03:05]} 6. bxc3 {[%clk 0:03:10]} b6
{[%clk 0:03:02]} 7. Ne2 {[%clk 0:03:08]} Ba6 {[%clk 0:02:55]} 8. Ng3
{[%clk 0:03:08]} Nc6 {[%clk 0:02:47]} 9. Bd3 {[%clk 0:03:03]} Na5
{[%clk 0:02:44]} 10. e4 {[%clk 0:03:01]} Ne8 {[%clk 0:02:42]} 11. Qe2
{[%clk 0:02:50]} c5 {[%clk 0:02:30]} 12. O-O {[%clk 0:02:50]} cxd4
{[%clk 0:02:24]} 13. Bb2 {[%clk 0:02:22]} dxc3 {[%clk 0:02:10]} 14. Bxc3
{[%clk 0:02:23]} Nb3 {[%clk 0:02:10]} 15. Rad1 {[%clk 0:02:13]} Nc5
{[%clk 0:02:10]} 16. Bc2 {[%clk 0:02:15]} Rc8 {[%clk 0:02:06]} 17. e5
{[%clk 0:02:09]} f5 {[%clk 0:02:05]} 18. exf6 {[%clk 0:02:08]} Nxf6
{[%clk 0:02:05]} 19. Rfe1 {[%clk 0:02:04]} Qe8 {[%clk 0:01:58]} 20. Qd2
{[%clk 0:01:45]} Qf7 {[%clk 0:01:55]} 21. Qd4 {[%clk 0:01:29]} Rfe8
{[%clk 0:01:38]} 22. h3 {[%clk 0:01:29]} Nb7 {[%clk 0:01:30]} 23. Bd3
{[%clk 0:01:23]} Nc5 {[%clk 0:01:26]} 24. Bc2 {[%clk 0:01:22]} Rf8
{[%clk 0:01:26]} 25. Qh4 {[%clk 0:01:18]} h6 {[%clk 0:01:08]} 26. Re5
{[%clk 0:01:19]} Bb7 {[%clk 0:01:02]} 27. f4 {[%clk 0:01:09]} Rce8
{[%clk 0:00:37]} 28. Kh2 {[%clk 0:00:59]} Bc6 {[%clk 0:00:30]} 1/2-1/2